| 000 | 00802nam a22002532i 4500 | ||
|---|---|---|---|
| 001 | 45319 | ||
| 003 | BD-RjUL | ||
| 005 | 20211209054009.0 | ||
| 008 | 160725s1979 ii a b 001 0 eng d | ||
| 035 |
_aOCLC ocm05892335 from D960603M _a(BD-RjUL)45437 |
||
| 040 |
_aDLC _cDLC _dEQO _dBD-RjUL _beng |
||
| 041 | _aeng | ||
| 082 |
_a338.64209542 _bMAE 1979 |
||
| 100 | 1 |
_aMathur, Shabd Prasad. _9138803 |
|
| 245 | 1 | 0 |
_aEconomics of small-scale industries / _cS. P. Mathur |
| 260 |
_aDelhi : _bSundeep, _c1979 |
||
| 300 |
_aiv, 277 p. : _bill. ; _c23 cm |
||
| 500 | _aIncludes index | ||
| 504 | _aBibliography: p. [265]-273 | ||
| 650 | 0 |
_aSmall business _zIndia _zAgra (District) _9138804 |
|
| 651 | 0 |
_aAgra (India : District) _xEconomic conditions _9138805 |
|
| 942 |
_2ddc _cBK |
||
| 999 |
_c45319 _d45319 |
||